The noble scholar, jurist, historian


 His Excellency Dr. Abdul Wahhab bin Ibrahim Abu Sulaiman, may Allah have mercy on him.


 He was born in Umm Al-Qura in the year 1356 AH.

الفروق بين صلاة الجمعة وصلاة الظهر : (Record no. 608)

MARC details
000 -LEADER
fixed length control field 01517cam a2200313 i 4500
003 - CONTROL NUMBER IDENTIFIER
control field SA-RiAUC
005 - DATE AND TIME OF LATEST TRANSACTION
control field 20240927175352.0
008 - FIXED-LENGTH DATA ELEMENTS--GENERAL INFORMATION
fixed length control field 240925s2007____su g 000 0dara c
020 ## - INTERNATIONAL STANDARD BOOK NUMBER
International Standard Book Number 9960016277
024 0# - OTHER STANDARD IDENTIFIER
Standard number or code 00000000300345
040 ## - CATALOGING SOURCE
Original cataloging agency SA-RiIMS
Language of cataloging ara
Transcribing agency SA-RiAUC
Modifying agency KAC
Description conventions rda
082 04 - DEWEY DECIMAL CLASSIFICATION NUMBER
Classification number 252.2
Assigning agency SA-RiAUC
090 ## - LOCALLY ASSIGNED LC-TYPE CALL NUMBER (OCLC); LOCAL CALL NUMBER (RLIN)
Classification number (OCLC) (R) ; Classification number, CALL (RLIN) (NR) 252.2
Local cutter number (OCLC) ; Book number/undivided call number, CALL (RLIN) ا ب ن و
100 1# - MAIN ENTRY--PERSONAL NAME
Personal name ابن واصل، أبي امين محمد
Relator term مؤلف.
245 12 - TITLE STATEMENT
Title الفروق بين صلاة الجمعة وصلاة الظهر :
Remainder of title مقروء على فضيلة شيخنا محمد بن صالح العثيمين في دروس الجامع الكبير بعنيزة مرات متفرقة بداية من عام 1413 -نهاية عام 1417 هـ. /
Statement of responsibility, etc. تأليف أبي أمين محمد بن واصل.
250 ## - EDITION STATEMENT
Edition statement الطبعة الأولى.
264 #1 - PRODUCTION, PUBLICATION, DISTRIBUTION, MANUFACTURE, AND COPYRIGHT NOTICE
Place of production, publication, distribution, manufacture الرياض ؛
-- القاهرة ؛
-- بيروت :
Name of producer, publisher, distributor, manufacturer مكتبة الرشد ناشرون،
Date of production, publication, distribution, manufacture, or copyright notice 2007
264 #3 - PRODUCTION, PUBLICATION, DISTRIBUTION, MANUFACTURE, AND COPYRIGHT NOTICE
Place of production, publication, distribution, manufacture الرياض :
Name of producer, publisher, distributor, manufacturer مطابع الحميضي
300 ## - PHYSICAL DESCRIPTION
Extent 103 صفحة ؛
Dimensions 24 × 17 سم
336 ## - CONTENT TYPE
Content type term نص
Content type code txt
Source rdacontent
Materials specified كتاب
337 ## - MEDIA TYPE
Media type term بدون وسيط
Media type code n
Source rdamedia
338 ## - CARRIER TYPE
Carrier type term مجلد
Carrier type code nc
Source rdacarrier
600 17 - SUBJECT ADDED ENTRY--PERSONAL NAME
Personal name العثيمين، محمد بن صالح بن محمد،
Dates associated with a name 1347-1421 هجري
Source of heading or term aucnm
650 #7 - SUBJECT ADDED ENTRY--TOPICAL TERM
Topical term or geographic name entry element الصلاة (فقه إسلامي)
Source of heading or term aucsh
650 #7 - SUBJECT ADDED ENTRY--TOPICAL TERM
Topical term or geographic name entry element صلاة الجمعة (فقه إسلامي)
Source of heading or term aucsh
650 #7 - SUBJECT ADDED ENTRY--TOPICAL TERM
Topical term or geographic name entry element صلاة الظهر (فقه إسلامي)
Source of heading or term aucsh
942 ## - ADDED ENTRY ELEMENTS (KOHA)
Source of classification or shelving scheme Dewey Decimal Classification
Koha item type Books
Suppress in OPAC No
949 ## - LOCAL PROCESSING INFORMATION (OCLC)
a SA-JeALM
d 240925
u mohamedma123
n 1
Holdings
Withdrawn status Lost status Source of classification or shelving scheme Damaged status Not for loan Home library Current library Date acquired Total checkouts Full call number Barcode Date last seen Price effective from Koha item type
    Dewey Decimal Classification     DR AbdElwahab Library DR AbdElwahab Library 09/27/2024   252.2 ا ب ن و 000000878 09/27/2024 09/27/2024 Books